Разведочная и промысловая геофизика: проблемы и пути их решения. Вып. 9 (Запись № 11410035)

Подробности
000 -МАРКЕР
контрольное поле 01401nam2a2200253 4500
001 - ИДЕНТИФИКАТОР ЗАПИСИ
контрольное поле RU\NLR\BIBL_A\011099102
005 - ИДЕНТИФИКАТОР ВЕРСИИ
контрольное поле 20250625204234.0
010 ## - МЕЖДУНАРОДНЫЙ СТАНДАРТНЫЙ НОМЕР КНИГИ (ISBN)
Номер (ISBN) 978-5-904555-98-6
Тираж 74
021 ## - НОМЕР ГОСУДАРСТВЕННОЙ РЕГИСТРАЦИИ
Код страны российская федерация
Номер 2016-20281
Номер Листа государственной регистраци 1287
035 ## - ДРУГИЕ СИСТЕМНЫЕ НОМЕРА
Идентификатор записи (NLR Aleph) 011099102
100 ## - ДАННЫЕ ОБЩЕЙ ОБРАБОТКИ
Данные общей обработки 20160408d2015 |||y0rusy50 ca
101 0# - ЯЗЫК РЕСУРСА
Язык текста, звукозаписи и т.д. русский
102 ## - СТРАНА ПУБЛИКАЦИИ ИЛИ ПРОИЗВОДСТВА
Страна публикации российская федерация
105 ## - ПОЛЕ КОДИРОВАННЫХ ДАННЫХ: ТЕКСТОВЫЕ МАТЕРИАЛЫ, МОНОГРАФИЧЕСКИЕ
Кодированные данные о монографическом текстовом документе a z 100yy
200 0# - ЗАГЛАВИЕ И СВЕДЕНИЯ ОБ ОТВЕТСТВЕННОСТИ
Основное заглавие Вып. 9
210 ## - ПУБЛИКАЦИЯ, РАСПРОСТРАНЕНИЕ И ДР.
Дата издания, распространения и т.д. 2015
Место издания, распространения и т.д. Б. м.
215 ## - ФИЗИЧЕСКАЯ ХАРАКТЕРИСТИКА
Специфическое обозначение материала и объем 142 с.
Другие сведения о физической характеристике ил., цв. ил.
320 ## - ПРИМЕЧАНИЯ О НАЛИЧИИ В ДОКУМЕНТЕ БИБЛИОГРАФИИ / УКАЗАТЕЛЯ
Текст примечания Библиогр. в конце отд. ст.
461 #0 - УРОВЕНЬ НАБОРА
Встроенное поле 001RU\NLR\BIBL_A\011108658
-- 2001#$aРазведочная и промысловая геофизика: проблемы и пути их решения$eДесятая молодежная научно-практическая конференция$eсборник докладов$f[редкол.: Р. Я. Адиев, к.т.н. (пред.) и др.]$vВып. 9
Системный номер (АБИС) связанной записи 11462256
Место публикации Уфа
Дата публикации 2015
Первые сведения об ответственности [редкол.: Р. Я. Адиев, к.т.н. (пред.) и др.]
Имя издателя, распространителя и т.д. Информреклама
Сведения, относящиеся к заглавию Десятая молодежная научно-практическая конференция : сборник докладов
Заглавие Разведочная и промысловая геофизика: проблемы и пути их решения
Номер тома Вып. 9
942 ## - ДОПОЛНИТЕЛЬНЫЕ ЭЛЕМЕНТЫ ЗАПИСИ (АБИС)
Тип экземпляра АБИС Книга
980 ## - КОЛЛЕКЦИЯ
Название коллекции Национальная библиография
Экземпляры
Тип экземпляра Дата поступления Источник поступления Стоимость Библиотека постоянного хранения Библиотека текущего хранения Место хранения Шифр хранения Штрих-код Статус не для выдачи
Книга 08.04.2016 Обязательный экземпляр 0.00 РНБ (Московский) РНБ (Московский) Русский книжный фонд: издания с 1957 года, 3этаж Хран 2016-3/10623 1-1358649  
Книга 08.04.2016 Обязательный экземпляр 0.00 РНБ (Московский) РНБ (Московский) Русский книжный фонд: издания с 1957 года, 3этаж Хран 2016-3/10623 1-1358653